Το Παρόν και το Μέλλον των Ελληνικών Τραπεζών / Επίκαιρα Θέματα 12 (Record no. 4611)
[ view plain ]
| 000 -LEADER | |
|---|---|
| fixed length control field | 01559cam a22002054a 4500 |
| 005 - ΗΜΕΡΟΜΗΝΙΑ ΚΑΙ ΩΡΑ ΤΕΛΕΥΤΑΙΑΣ ΕΝΗΜΕΡΩΣΗΣ | |
| Πεδίο ελέγχου | 20250605164150.0 |
| 008 - FIXED-LENGTH DATA ELEMENTS--GENERAL INFORMATION | |
| Πεδίο ελέγχου σταθερού μήκους | 250528s ||||||||||||||||||||||||d |
| 035 ## - SYSTEM CONTROL NUMBER | |
| System control number | 19354 |
| 020 ## - ISBN | |
| ISBN | 9607536061 |
| 040 ## - ΠΗΓΗ ΚΑΤΑΛΟΓΟΓΡΑΦΗΣΗΣ | |
| Φορέας πρωτότυπης καταλογογράφησης | MC Athens Campus Library |
| Γλώσσα καταλογογράφησης | Ελληνικά, Μοντέρνα (1453-) |
| Modifying agency | MC Athens Campus Library |
| Κανόνες περιγραφικής καταλογογράφησης | AACR2 |
| 245 1# - ΤΙΤΛΟΣ ΚΑΙ ΔΗΛΩΣΗ ΥΠΕΥΘΥΝΟΤΗΤΑΣ | |
| Τίτλος | Το Παρόν και το Μέλλον των Ελληνικών Τραπεζών / Επίκαιρα Θέματα 12 |
| 260 ## - PUBLICATION, DISTRIBUTION, ETC. | |
| Name of publisher, distributor, etc. | Ίδρυμα Οικονομικών Και Βιομηχανικών Ερευνων, |
| Date of publication, distribution, etc. | 1997 |
| 300 ## - PHYSICAL DESCRIPTION | |
| Extent | 88 |
| 520 ## - SUMMARY, ETC. | |
| Summary, etc. | Πρόλογος ΙΟΒΕ, Βασικά Χαρακτηριστικά του Ελληνικού Τραπεζικού Συστήματος, Αποκανονικοποίηση και Απελευθέρωση Αγορών, Διεθνείς Τάσεις, Η Ελληνική Εμπειρία, Άρση Ελέγχων και Περιορισμών και Απαγορεύσεων, Συνέπειες, Διαχείριση Κινδύνων, Αγορές Χρεογράφων και Πηγές Εσόδων, Οργάνωση του Κλάδου, Εξαγορές και Συγχωνεύσεις, Απασχόληση, Μελλοντικές Τάσεις, Το Τραπεζικό Σύστημα στα Πλαίσια του Τρίτου Στάδιο της ΟΝΕ, Εξελίξεις και Στρατηγικές Επιλογές, Περίληψη και Συμπεράσματα, Βιβλιογραφία. |
| 700 1# - ΠΡΟΣΘΕΤΗ ΑΝΑΓΡΑΦΗ--ΦΥΣΙΚΟ ΠΡΟΣΩΠΟ | |
| Personal name | Μόσχος Δ |
| 9 (RLIN) | 5602 |
| 700 1# - ΠΡΟΣΘΕΤΗ ΑΝΑΓΡΑΦΗ--ΦΥΣΙΚΟ ΠΡΟΣΩΠΟ | |
| Personal name | Φραγγέτης Δ |
| 9 (RLIN) | 5603 |
| 942 ## - ADDED ENTRY ELEMENTS (KOHA) | |
| Koha item type | Books |
| Τύπος τεκμηρίου | Βιβλιοθήκη | Τρέχουσα τοποθεσία | Barcode | Αριθμός εισαγωγής | Ημερομηνία απόκτησης | Ταξιθετικό σύμβολο | Αριθμός αντιτύπου | Κατάσταση απόσυρσης | Κατάσταση χαμένου | Κατάσταση κατεστραμμένου | Μη δανεισμός | Σύνολο δανεισμών | Ημερομηνία τελευταίας εμφάνισης | Η τιμή ισχύει από |
|---|---|---|---|---|---|---|---|---|---|---|---|---|---|---|
| Books | MC Athens Campus Library | MC Athens Campus Library | 9780000046109 | 5407 | 05/06/2025 | 332.109 495 MOS | 1 | 05/06/2025 | 05/06/2025 |